01089nam a22001937a 4500003000400000005001700004008004100021020001500062040000700077100002200084245005700106260003600163300001900199504003100218505055400249650002600803650003400829650003200863OSt20220610112119.0180221b xxu||||| |||| 00| 0 spa d a9501403289 cPJ aRamella, Pablo A.10aCrímenes contra la humanidad / cPablo A. Ramella. aBuenos Aires :bDepalma,c1986. a154 p.c23 cm. aBibliografía: p.151-152. a1. El individuo como sujeto del derecho penal internacional. 2. Antecedentes. 3. El juicio de Nuremberg. 4. El juicio de Tokio. 5. Análisis crítico. 6. Crímenes de guerra y crímenes contra la humanidad. 7. Trata de blancas. 8. Trata de esclavos. 9. Trafico de estupefacientes. 10. Genocidio. 11. La guerra como crimen. 12. Armas nucleares. 13. Aborto. 14. Pornografía. 15. Tortura. 16. Discriminación. 17. Terrorismo. 18. Prescripción. 19. Tribunal Internacional. 20. Reflexión final. rPABLO A. RAMELLAtCRIMENES CONTRA LA HUMANIDAD 0aDERECHO INTERNACIONAL 0aVIOLACION DE DERECHOS HUMANOS 0aDELITOS CONTRA LA HUMANIDAD